| 000 | 01169pam a2200289 a 4500 | ||
|---|---|---|---|
| 001 | 2144175 | ||
| 003 | NUST-PNEC | ||
| 005 | 20170116180730.0 | ||
| 008 | 980821s1999 waua 001 0 eng | ||
| 010 | _a 98042529 | ||
| 020 | _a157231995X | ||
| 040 |
_aDLC _cPNEC |
||
| 050 | 0 | 0 |
_aQA76.76.O63 _bP533 1999 |
| 082 | 0 | 0 |
_a005.265 PET _221 |
| 100 | 1 |
_aPetzold, Charles, _d1953- |
|
| 245 | 1 | 0 |
_aProgramming Windows / _cCharles Petzold. |
| 250 | _a5th ed. | ||
| 260 |
_aRedmond, Wash. : _bMicrosoft Press, _cc1999. |
||
| 300 |
_axxiii, 1479 p. : _bill. ; _c25 cm. + |
||
| 500 | _aIncludes index. | ||
| 538 | _aSystem requirements for accompanying computer disc: Windows 98 or Windows NT 4.0 or later. | ||
| 630 | 0 | 0 |
_aMicrosoft Windows (Computer file) _xMIS, Computer |
| 856 | _uhttp://www.amazon.com/Programming-Windows%C2%AE-Fifth-Developer-Reference/dp/157231995X/ref=sr_1_1?ie=UTF8&qid=1415949754&sr=8-1&keywords=PROGRAMMING+WINDOWS+BY+CHARLES+PETZOLD | ||
| 906 |
_a7 _bcbc _corignew _d1 _eocip _f19 _gy-gencatlg |
||
| 942 |
_2ddc _cBK |
||
| 999 |
_c61761 _d61761 |
||